000 02294nam0a2200373 4500
001 RU\NLR\BIBL_A\012859221
005 20221004145512.0
010 _a978-5-9922-3427-5
_92000
021 _aRU
_bКН-П-22-033184
_9КН-П-22-2831
035 _a(NLR Aleph) 012859221
035 _a(RuMoRGB)011079952
090 _a12453185
_c12453185
100 _a20220803d2022 u y0rusy50 ca
101 0 _arus
102 _aRU
105 _aa z 000ay
181 0 _ai3
_baxxe
182 0 _an
200 1 _aАномальный наследник. Среди лучших
_e[фантастический] роман
_fЭлиан Тарс
_gхудожник: В. Федоров
203 _aТекст
_bвизуальный
_cнепосредственный
210 _aМосква
_cАрмада
_cАльфа-Книга
_d2022
215 _a281, [1] с.
_cил.
_d21
225 1 _aФантастический боевик
_vвып. 1317
330 _aХудшие опасения подтвердились: злейшие враги Александритов и всего живого проникли в мой новый мир. Но, как гласит одно из александрийских правил, насекомых нужно давить сразу. Но и кроме сарнита, забот хватает - как минимум война с родом, в котором переродилась эта тварь. А ведь впереди еще и финальный этап всеимперского боевого турнира. Я не сомневаюсь в своей победе, но потрудиться придеться. Мне во что бы то ни стало нужно получить награду за чемпионатов и перестать быть простолюдином. А затем перейти к реализации следующего этапа своего плана
333 _a16+
675 _a821.161.1-31
_v4
686 2 _aШ6(2=Р)8-445
700 1 _aТарс
_bЭ.
_f1990-
_gЭлиан4
702 1 _aФедоров
_bВ.
_4040
942 _cBOOK
980 _aNB